[Event "BEM-ch U14"]
[Site "Tamm"]
[Date "2000.01.29"]
[Round "3"]
[White "Mueller, Armin"]
[Black "Kappel, Martin"]
[Result "1/2-1/2"]
[WhiteElo "898"]
[BlackElo "899"]
[PlyCount "50"]
[EventDate "2000.01.22"]
[EventType "swiss"]
[EventRounds "5"]
[EventCountry "GER"]
[SourceTitle "EXT 2003"]
[Source "ChessBase"]
[SourceDate "2002.11.25"]
[SourceVersion "1"]
[SourceVersionDate "2002.11.25"]
[SourceQuality "1"]

1. e4 e5 2. Nc3 Nc6 3. f4 exf4 4. Nf3 Nf6 5. d4 Bb4 6. e5 Nh5 7. Bd2 d6 8. exd6 cxd6 9. Qe2+ Qe7 10. Qxe7+ Nxe7 11. Be2 Nf6 12. Bxf4 Bf5 13. 0-0-0 0-0 14. Bd2 Rfc8 15. a3 Bxc3 16. Bxc3 Nfd5 17. Nh4 Be4 18. Bf3 Bxf3 19. Nxf3 Nxc3 20. bxc3 Rxc3 21. Rd3 Rac8 22. Rxc3 Rxc3 23. Kb2 Rc7 24. Rd1 Ng6 25. Rd3 Re7 1/2-1/2